[Event "DEM U10/U10w 2004"]
[Site "Willingen GER"]
[Date "2004.06.03"]
[Round "8"]
[White "Schmitz, Stefan"]
[Black "Berchtenbreiter, Maximilian"]
[Result "1/2-1/2"]
[Termination "normal"]
[Board "12"]
[WhiteElo "1328"]
[BlackElo "1214"]
[PlyCount "63"]
[WhiteFideId "4625730"]
[BlackFideId "24641120"]
[EventCountry "GER"]
[EventRounds "11"]
[EventType "swiss"]
[EventDate "2004.05.29"]

1. e4 c5 2. Nf3 e6 3. d4 cxd4 4. Nxd4 a6 5. Bd3 Nf6 6. O-O d6 7. c4 Be7 8. Nc3
O-O 9. Qe2 Nbd7 10. f4 Qc7 11. Kh1 b6 12. b3 Bb7 13. Bb2 Rfe8 14. Rae1 Nc5 15.
Bb1 d5 16. e5 Nfe4 17. Qc2 Rac8 18. Rf3 g6 19. Nce2 dxc4 20. bxc4 Nd7 21. Rc1
Bb4 22. a3 Bd2 23. Rd1 Qxc4 24. Qxc4 Rxc4 25. Bxe4 Bxe4 26. Rxd2 Bxf3 27. Nxf3
Nc5 28. Rd6 Rc2 29. Rd2 Rxd2 30. Nxd2 b5 31. h3 Rd8 32. Nf3 1/2-1/2

[Event "DEM U10/U10w 2004"]
[Site "Willingen GER"]
[Date "2004.06.03"]
[Round "8"]
[White "Ohnmacht, Simon"]
[Black "Müller, Tobias"]
[Result "0-1"]
[Termination "normal"]
[Board "13"]
[WhiteElo "1208"]
[BlackElo "1320"]
[PlyCount "106"]
[WhiteFideId "24672980"]
[BlackFideId "24643394"]
[EventCountry "GER"]
[EventRounds "11"]
[EventType "swiss"]
[EventDate "2004.05.29"]

1. f4 e5 2. e4 d5 3. exd5 exf4 4. Nf3 g5 5. Nc3 g4 6. Bb5+ c6 7. Qe2+ Be7 8.
Nd4 cxb5 9. Qxb5+ Qd7 10. O-O g3 11. h3 a6 12. Qxd7+ Nxd7 13. Re1 Kd8 14. d3
Bc5 15. Re4 f5 16. Rxf4 Ndf6 17. Kh1 Ne7 18. Ne6+ Bxe6 19. dxe6 Re8 20. Bd2 Bf2
21. Be1 Bxe1 22. Rxe1 h5 23. Re3 Rg8 24. Rb4 b5 25. Ne2 Rc8 26. c3 Ke8 27. Rxg3
Rxg3 28. Nxg3 Rc6 29. a4 Ned5 30. Rd4 f4 31. Nxh5 Nxh5 32. Rxd5 Ng3+ 33. Kh2
Rxe6 34. axb5 Re1 35. Re5+ Rxe5 36. Kg1 Rxb5 37. b4 Ne2+ 38. Kf2 Nxc3 39. h4
Rxb4 40. h5 Kf7 41. Kf3 a5 42. Kg4 Rb5 43. h6 Kg6 44. d4 a4 45. d5 Rxd5 46. h7
Kxh7 47. g3 a3 48. gxf4 a2 49. f5 a1=Q 50. f6 Qa4+ 51. Kf3 Rd3+ 52. Kf2 Qc2+
53. Ke1 Rd1# 0-1

[Event "DEM U10/U10w 2004"]
[Site "Willingen GER"]
[Date "2004.06.03"]
[Round "8"]
[White "Lebeda, Timo"]
[Black "Dötterl, Michael"]
[Result "0-1"]
[Termination "normal"]
[Board "14"]
[WhiteElo "1205"]
[BlackElo "1274"]
[PlyCount "106"]
[WhiteFideId "4638565"]
[EventCountry "GER"]
[EventRounds "11"]
[EventType "swiss"]
[EventDate "2004.05.29"]

1. e4 c5 2. Nf3 d6 3. d4 cxd4 4. Nxd4 Nc6 5. c4 Nf6 6. Nc3 e6 7. Nf3 h6 8. Be3
Be7 9. Be2 Bd7 10. Nd4 O-O 11. O-O a6 12. Rc1 Qc7 13. f3 Nxd4 14. Bxd4 e5 15.
Be3 Rac8 16. b3 Rfd8 17. Qd2 Bf8 18. Rfd1 Be6 19. Rc2 Nh7 20. Rdc1 Qd7 21. Qd3
f5 22. Nd5 fxe4 23. fxe4 Bxd5 24. Qxd5+ Kh8 25. Bb6 Nf6 26. Qd3 Re8 27. Bf2 Qc6
28. Bf3 Be7 29. Bh4 Rcd8 30. Bxf6 Bxf6 31. Bh5 Rf8 32. Qd5 Qxd5 33. cxd5 Bg5
34. Rf1 Be3+ 35. Rcf2 Bxf2+ 36. Rxf2 Rxf2 37. Kxf2 Rc8 38. a3 Rc2+ 39. Be2 Rc3
40. Bc4 b5 41. Be2 Rxb3 42. a4 bxa4 43. Bxa6 a3 44. Bc4 Rb4 45. Ba2 Rb2+ 46.
Kg3 Rxa2 47. h3 Rb2 48. Kh2 a2 49. Kg3 a1=Q 50. Kh2 Qf1 51. Kg3 Rxg2+ 52. Kh4
Qf4+ 53. Kh5 Qg5# 0-1

[Event "DEM U10/U10w 2004"]
[Site "Willingen GER"]
[Date "2004.06.03"]
[Round "8"]
[White "Marquardt, Patrick"]
[Black "Hager, Joshua Aarash"]
[Result "1-0"]
[Termination "normal"]
[Board "15"]
[WhiteElo "1269"]
[BlackElo "1193"]
[PlyCount "55"]
[WhiteFideId "4670086"]
[BlackFideId "24642789"]
[EventCountry "GER"]
[EventRounds "11"]
[EventType "swiss"]
[EventDate "2004.05.29"]

1. d4 d5 2. c4 e6 3. Nc3 Nf6 4. Bg5 Nbd7 5. e3 Be7 6. Rc1 O-O 7. Nf3 Re8 8. Qc2
c6 9. Bd3 Nf8 10. O-O Ng6 11. b3 b6 12. Bxg6 fxg6 13. Ne5 Bb7 14. f4 Nd7 15.
Bxe7 Qxe7 16. Ne2 Nxe5 17. fxe5 Rf8 18. Ng3 Rac8 19. e4 dxe4 20. Nxe4 c5 21.
Nd6 Rcd8 22. Nxb7 Qxb7 23. dxc5 bxc5 24. Rxf8+ Rxf8 25. Rd1 Rf5 26. Qd2 Rxe5
27. Qd8+ Kf7 28. Rd7+ 1-0

[Event "DEM U10/U10w 2004"]
[Site "Willingen GER"]
[Date "2004.06.03"]
[Round "8"]
[White "Braun, Georg"]
[Black "Kazman, Caner"]
[Result "0-1"]
[Termination "normal"]
[Board "16"]
[WhiteElo "1181"]
[BlackElo "1259"]
[PlyCount "74"]
[WhiteFideId "24629383"]
[BlackFideId "24684953"]
[EventCountry "GER"]
[EventRounds "11"]
[EventType "swiss"]
[EventDate "2004.05.29"]

1. d4 Nf6 2. c4 g6 3. Nc3 Bg7 4. Nf3 O-O 5. Bf4 d6 6. e4 Nc6 7. Bd3 Nh5 8. Be3
Bg4 9. h3 Bxf3 10. Qxf3 Nxd4 11. Bxd4 Bxd4 12. Be2 c6 13. Qd3 Bg7 14. Bxh5 gxh5
15. O-O Qd7 16. Rfe1 Kh8 17. e5 Rg8 18. Re4 Qf5 19. e6 fxe6 20. Qe3 d5 21. Rf4
Qg6 22. Qf3 Be5 23. Rh4 Raf8 24. Rg4 hxg4 25. Qe3 Bd6 26. Qd4+ e5 27. Qxg4 Qf6
28. Qe2 Qe6 29. Qh5 Rf5 30. Qh4 Bc5 31. Rf1 Rfg5 32. g3 Rxg3+ 33. Kh2 Rg2+ 34.
Kh1 Qg6 35. Qg4 Rxg4 36. hxg4 Qxg4 37. Rg1 Qh3# 0-1

[Event "DEM U10/U10w 2004"]
[Site "Willingen GER"]
[Date "2004.06.03"]
[Round "8"]
[White "Fittkau, Nico"]
[Black "Schätz, Annika"]
[Result "0-1"]
[Termination "normal"]
[Board "17"]
[WhiteElo "1253"]
[BlackElo "1139"]
[PlyCount "116"]
[BlackFideId "24674796"]
[EventCountry "GER"]
[EventRounds "11"]
[EventType "swiss"]
[EventDate "2004.05.29"]

1. e4 c5 2. Nc3 d6 3. f4 Nf6 4. Nf3 e6 5. Bb5+ Bd7 6. Bxd7+ Nbxd7 7. O-O Ng8 8.
d3 Ne7 9. Re1 g6 10. Be3 Bg7 11. Bf2 O-O 12. Bh4 Re8 13. Kh1 Qb6 14. Rb1 Rac8
15. Bf2 Qc6 16. Qd2 b5 17. h3 b4 18. Ne2 Nb6 19. Ng3 Na4 20. Qc1 a5 21. Nd2 d5
22. e5 c4 23. dxc4 dxc4 24. Nde4 Red8 25. Nd6 Rc7 26. Nge4 Nd5 27. Bh4 Rb8 28.
Rd1 h5 29. Bg5 b3 30. axb3 cxb3 31. c3 Qb6 32. Rd4 Nc5 33. Nxc5 Qxc5 34. Rc4
Qb6 35. Rxc7 Qxc7 36. Qd2 a4 37. Ra1 Ra8 38. Qd4 Qa7 39. Qc4 Nb6 40. Qb5 Qa5
41. Qc6 Nd5 42. Bh4 Qa6 43. Qc5 Nxf4 44. Bf2 Qe2 45. Rb1 Qxe5 46. Qc6 Rd8 47.
Nc4 Qd5 48. Qxd5 Rxd5 49. g3 Nxh3 50. Kg2 Nxf2 51. Kxf2 f5 52. Re1 e5 53. Ke3
Bh6+ 54. Ke2 e4 55. Nb6 Rd2+ 56. Kf1 Rxb2 57. Nxa4 Ra2 58. Nc5 b2 0-1

[Event "DEM U10/U10w 2004"]
[Site "Willingen GER"]
[Date "2004.06.03"]
[Round "8"]
[White "Döll, Laurin"]
[Black "Leach, Julien"]
[Result "1/2-1/2"]
[Termination "normal"]
[Board "18"]
[WhiteElo "1171"]
[BlackElo "1232"]
[PlyCount "33"]
[EventCountry "GER"]
[EventRounds "11"]
[EventType "swiss"]
[EventDate "2004.05.29"]

1. e4 c5 2. Nc3 Nc6 3. f4 d6 4. Nf3 g6 5. Bb5 Bd7 6. d3 Bg7 7. O-O Be6 8. Be3
Nf6 9. Bxc6+ bxc6 10. Qe1 O-O 11. Qh4 Qd7 12. Ng5 h6 13. Nxe6 fxe6 14. f5 g5
15. Qh3 e5 16. Qf3 Kf7 17. g3 1/2-1/2

[Event "DEM U10/U10w 2004"]
[Site "Willingen GER"]
[Date "2004.06.03"]
[Round "8"]
[White "Bashylin, Seva"]
[Black "Mirke, Roy"]
[Result "1/2-1/2"]
[Termination "normal"]
[Board "19"]
[WhiteElo "1143"]
[BlackElo "1227"]
[PlyCount "76"]
[WhiteFideId "24688045"]
[BlackFideId "24647306"]
[EventCountry "GER"]
[EventRounds "11"]
[EventType "swiss"]
[EventDate "2004.05.29"]

1. d4 d5 2. Nf3 Nf6 3. Bf4 e6 4. e3 Bd6 5. Bxd6 Qxd6 6. c3 Nbd7 7. Bd3 b6 8.
O-O Bb7 9. Nbd2 O-O 10. c4 c5 11. Qb3 Rfe8 12. a4 h6 13. a5 Bc6 14. Ra2 Qc7 15.
Rfa1 Rec8 16. axb6 axb6 17. Rxa8 Rxa8 18. Rxa8+ Bxa8 19. Qa3 Qb7 20. b4 Qc8 21.
Nb3 cxd4 22. Nfxd4 dxc4 23. Bxc4 Qxc4 24. Qxa8+ Kh7 25. Qa4 Nc5 26. Qa3 Nxb3
27. Nxb3 Nd5 28. Nd2 Qxb4 29. Qxb4 Nxb4 30. Nc4 Nd5 31. Kf1 Kg8 32. Ke2 Kf8 33.
Kd3 b5 34. Na5 Ke8 35. Kc2 Kd7 36. Kb3 Kd6 37. e4 Nc7 38. Kb4 e5 1/2-1/2

[Event "DEM U10/U10w 2004"]
[Site "Willingen GER"]
[Date "2004.06.03"]
[Round "8"]
[White "Bialas, Daniel"]
[Black "Stark, Saskia"]
[Result "1-0"]
[Termination "normal"]
[Board "20"]
[WhiteElo "982"]
[BlackElo "1226"]
[PlyCount "117"]
[BlackFideId "4601050"]
[EventCountry "GER"]
[EventRounds "11"]
[EventType "swiss"]
[EventDate "2004.05.29"]

1. e4 c5 2. d4 cxd4 3. c3 dxc3 4. Nxc3 e6 5. Nf3 a6 6. e5 Nc6 7. g3 Qc7 8. Qe2
d6 9. exd6 Bxd6 10. Bg2 Nge7 11. O-O O-O 12. Rd1 Rd8 13. Ne4 Bb4 14. Bd2 Bxd2
15. Rxd2 b5 16. Nc5 Rxd2 17. Qxd2 Qb6 18. Rd1 Nd5 19. Nb3 Bb7 20. Nfd4 Nxd4 21.
Qxd4 Qxd4 22. Rxd4 Rd8 23. Nc5 Bc8 24. Nd3 Kf8 25. Nf4 Bb7 26. b4 g6 27. Nxd5
Bxd5 28. Bxd5 Rxd5 29. Rxd5 exd5 30. Kg2 Ke7 31. Kf3 Ke6 32. Ke3 f5 33. f4 h6
34. h3 g5 35. h4 gxf4+ 36. gxf4 h5 37. Kd4 Kd6 38. a3 Kc6 39. Ke5 Kb6 40. Kxd5
a5 41. bxa5+ Kxa5 42. Kc5 Ka4 43. Kc6 Kxa3 44. Kxb5 Kb3 45. Kc5 Kc3 46. Kd5 Kd3
47. Ke5 Ke3 48. Kxf5 Kf3 49. Kg5 Kg3 50. f5 Kf3 51. f6 Ke4 52. f7 Kd4 53. f8=Q
Ke4 54. Kxh5 Kd4 55. Kg5 Ke4 56. h5 Kd4 57. h6 Ke4 58. h7 Kd4 59. h8=R 1-0

[Event "DEM U10/U10w 2004"]
[Site "Willingen GER"]
[Date "2004.06.03"]
[Round "8"]
[White "Göbel, Constantin"]
[Black "Rutz, Maximilian"]
[Result "1-0"]
[Termination "normal"]
[Board "21"]
[WhiteElo "1237"]
[BlackElo "962"]
[PlyCount "53"]
[WhiteFideId "24647071"]
[EventCountry "GER"]
[EventRounds "11"]
[EventType "swiss"]
[EventDate "2004.05.29"]

1. d4 Nf6 2. c4 c5 3. d5 b5 4. Nc3 bxc4 5. e4 Ba6 6. Nf3 g6 7. Bg5 Bg7 8. Qd2
d6 9. e5 dxe5 10. Nxe5 Nbd7 11. Nxc4 O-O 12. O-O-O Rb8 13. Na5 Qxa5 14. d6 e6
15. Bxa6 Qxa6 16. Qc2 Rb7 17. h4 Rfb8 18. b3 Qa3+ 19. Kd2 Ne5 20. Bxf6 Bxf6 21.
h5 Nc4+ 22. Ke2 Bxc3 23. Qxc3 Qxa2+ 24. Ke1 Qxb3 25. Qf6 Qa4 26. h6 Kf8 27.
Qh8# 1-0

[Event "DEM U10/U10w 2004"]
[Site "Willingen GER"]
[Date "2004.06.03"]
[Round "8"]
[White "Gisy, Roberto"]
[Black "Düssler, Stefanie"]
[Result "1-0"]
[Termination "normal"]
[Board "22"]
[WhiteElo "1229"]
[BlackElo "903"]
[PlyCount "91"]
[BlackFideId "4634780"]
[EventCountry "GER"]
[EventRounds "11"]
[EventType "swiss"]
[EventDate "2004.05.29"]

1. e4 e5 2. Nf3 Nf6 3. Nc3 Nc6 4. d4 d6 5. dxe5 dxe5 6. Qxd8+ Kxd8 7. Bg5 Bd6
8. O-O-O a6 9. Nd5 Be6 10. Nxf6 h6 11. Nd5+ hxg5 12. Nxg5 Kd7 13. c4 Rae8 14.
Nxe6 fxe6 15. Nc3 Kc8 16. Be2 Rhf8 17. Rhf1 Kb8 18. Rd3 Nd4 19. Rg3 Rg8 20. Bh5
Re7 21. Rd1 Bb4 22. Rdd3 g6 23. Kd2 Reg7 24. Bg4 c6 25. a3 Ba5 26. b4 Bc7 27.
Ne2 Rd7 28. Bxe6 Nb3+ 29. Kc2 Rxd3 30. Rxd3 Re8 31. Kxb3 Rxe6 32. Kc2 Rf6 33.
Rf3 Rd6 34. c5 Rd7 35. Rg3 Rg7 36. Ng1 b5 37. Rg5 Kc8 38. h4 Bd8 39. Rxe5 Bxh4
40. Nh3 Bf6 41. Re6 Bd4 42. Rxc6+ Kb7 43. Rb6+ Ka7 44. Rd6 Be5 45. Rd5 Bc7 46.
Kd3 1-0

[Event "DEM U10/U10w 2004"]
[Site "Willingen GER"]
[Date "2004.06.03"]
[Round "8"]
[White "Ohnesorg, Felix"]
[Black "Schäfer, Daniela"]
[Result "0-1"]
[Termination "normal"]
[Board "23"]
[WhiteElo "1226"]
[BlackElo "918"]
[PlyCount "52"]
[WhiteFideId "24653578"]
[BlackFideId "4624769"]
[EventCountry "GER"]
[EventRounds "11"]
[EventType "swiss"]
[EventDate "2004.05.29"]

1. e4 d6 2. d4 g6 3. Be3 Bg7 4. Bc4 Nf6 5. f3 c6 6. Nc3 Nbd7 7. Nge2 b5 8. Bb3
Bb7 9. Qd2 Qc7 10. h4 e6 11. g4 O-O-O 12. O-O-O a5 13. a3 Nb6 14. Nb1 a4 15.
Ba2 c5 16. Qd3 Bc6 17. g5 Nh5 18. d5 exd5 19. exd5 Bd7 20. Qd2 Rhe8 21. Nf4 Ng3
22. Rhg1 Nf5 23. Bf2 Re7 24. Rge1 Rde8 25. Qa5 Bxb2+ 26. Kxb2 Nc4+ 0-1

[Event "DEM U10/U10w 2004"]
[Site "Willingen GER"]
[Date "2004.06.03"]
[Round "8"]
[White "Schmitt, Katrin"]
[Black "Rosenkranz, Christian"]
[Result "1-0"]
[Termination "normal"]
[Board "24"]
[WhiteElo "995"]
[BlackElo "1152"]
[PlyCount "83"]
[WhiteFideId "24654400"]
[BlackFideId "24674494"]
[EventCountry "GER"]
[EventRounds "11"]
[EventType "swiss"]
[EventDate "2004.05.29"]

1. e4 e5 2. Nf3 Nc6 3. d4 exd4 4. Nxd4 Bc5 5. Be3 Bb6 6. Bc4 Nf6 7. Nc3 O-O 8.
O-O Re8 9. f3 d6 10. Kh1 Be6 11. Be2 Qe7 12. Qd2 Rad8 13. Rad1 Qd7 14. Rfe1 d5
15. Nxe6 fxe6 16. Bxb6 axb6 17. Bb5 Qf7 18. e5 Nd7 19. f4 Re7 20. Rf1 g6 21. a3
Rf8 22. b4 Ncb8 23. g3 c6 24. Be2 b5 25. a4 bxa4 26. Nxa4 Na6 27. b5 cxb5 28.
Bxb5 Nc7 29. Be2 Ree8 30. Qb4 Rb8 31. Qd6 Ne8 32. Qb4 Ng7 33. c4 Nf5 34. cxd5
Ne3 35. dxe6 Qxe6 36. Nc3 Nxd1 37. Bc4 Qxc4 38. Qxc4+ Kh8 39. Rxd1 Rbc8 40. Qb5
Rxc3 41. Rxd7 Rb3 42. e6 1-0

[Event "DEM U10/U10w 2004"]
[Site "Willingen GER"]
[Date "2004.06.03"]
[Round "8"]
[White "Spangenberg, Romy"]
[Black "Weißenburg, Isabel"]
[Result "1-0"]
[Termination "normal"]
[Board "26"]
[WhiteElo "1119"]
[BlackElo "878"]
[PlyCount "65"]
[WhiteFideId "4627997"]
[BlackFideId "4612922"]
[EventCountry "GER"]
[EventRounds "11"]
[EventType "swiss"]
[EventDate "2004.05.29"]

1. e4 c5 2. Nf3 d6 3. d4 cxd4 4. Nxd4 Nf6 5. Nc3 a6 6. Be3 e5 7. Nb3 Be6 8. Nd5
Nxe4 9. f3 Nf6 10. Nb6 Ra7 11. Nc4 Ra8 12. Nb6 Ra7 13. Bc4 Bxc4 14. Nxc4 Ra8
15. Nb6 Ra7 16. Nd5 Ra8 17. Bb6 Qc8 18. Nc7+ Ke7 19. Nxa8 e4 20. fxe4 Nxe4 21.
Qe2 Qf5 22. Rf1 Qd5 23. Nd2 f5 24. Nc7 Qc6 25. Nxa6 g6 26. O-O-O Bg7 27. c3 Qa4
28. Kb1 Nc6 29. Nc7 Kd7 30. Nxe4 Rf8 31. Nc5+ Kd8 32. Nxa4 Be5 33. Ne6+ 1-0

[Event "DEM U10/U10w 2004"]
[Site "Willingen GER"]
[Date "2004.06.03"]
[Round "8"]
[White "Liptak, Patrick"]
[Black "Strohmann, Marc"]
[Result "0-1"]
[Termination "normal"]
[Board "27"]
[WhiteElo "1085"]
[BlackElo "1248"]
[PlyCount "80"]
[EventCountry "GER"]
[EventRounds "11"]
[EventType "swiss"]
[EventDate "2004.05.29"]

1. e4 c6 2. d4 d5 3. exd5 cxd5 4. Bd3 Nc6 5. c3 g6 6. Ne2 Bg7 7. Bf4 Nf6 8. f3
e6 9. Na3 O-O 10. Qd2 Bd7 11. O-O-O Rc8 12. Kb1 Qb6 13. g4 Rfd8 14. Bh6 Ne7 15.
Bxg7 Kxg7 16. h4 Qa5 17. h5 Rc6 18. hxg6 Nxg6 19. Bxg6 fxg6 20. Qh6+ Kg8 21.
Nf4 Be8 22. g5 Nh5 23. Nxh5 gxh5 24. Rdf1 Bg6+ 25. Ka1 Rxc3 26. Nb1 Rc2 27. Na3
Rd2 28. Rd1 Rf8 29. Nb1 Rxd1 30. Rxd1 Rxf3 31. Rc1 Rf8 32. Nc3 Qc7 33. Ne2 Qd6
34. Rh1 e5 35. b3 exd4 36. Nxd4 Qe5 37. Rd1 Rf1 38. Qxg6+ hxg6 39. Rxf1 Qxd4+
40. Kb1 Qd3+ 0-1

[Event "DEM U10/U10w 2004"]
[Site "Willingen GER"]
[Date "2004.06.03"]
[Round "8"]
[White "Korman, Jewgenija"]
[Black "Malici, Nora"]
[Result "0-1"]
[Termination "normal"]
[Board "29"]
[WhiteElo "1136"]
[BlackElo "912"]
[PlyCount "80"]
[WhiteFideId "24606669"]
[EventCountry "GER"]
[EventRounds "11"]
[EventType "swiss"]
[EventDate "2004.05.29"]

1. e4 e5 2. Nf3 Nc6 3. Bc4 d6 4. Nc3 Bg4 5. h3 Be6 6. Bb3 Nf6 7. d3 d5 8. exd5
Nxd5 9. Bd2 Bc5 10. Ng5 Qd7 11. Nxe6 fxe6 12. O-O O-O-O 13. Qe1 Rhf8 14. Ne4
Bd6 15. Ba4 Nb6 16. Bb3 Qf7 17. Ng5 Qg6 18. Nxe6 Rde8 19. Nxf8 Rxf8 20. Qe2 Nd4
21. Qg4+ Qxg4 22. hxg4 g6 23. Rfe1 h5 24. gxh5 gxh5 25. Bc3 Nc6 26. Be6+ Nd7
27. Rad1 Rf6 28. Bh3 Kd8 29. d4 exd4 30. Bxd4 Nxd4 31. Rxd4 Nb6 32. Rde4 Rf8
33. Rd1 Rg8 34. c4 Nd7 35. c5 Nxc5 36. Re5 Nd7 37. Rxh5 Re8 38. Rh7 Nb6 39. b3
Nd5 40. Rxd5 Re1# 0-1

[Event "DEM U10/U10w 2004"]
[Site "Willingen GER"]
[Date "2004.06.03"]
[Round "8"]
[White "Dilz, Jasmin"]
[Black "Große, Christian"]
[Result "0-1"]
[Termination "normal"]
[Board "31"]
[WhiteElo "1004"]
[BlackElo "1119"]
[PlyCount "56"]
[BlackFideId "24646156"]
[EventCountry "GER"]
[EventRounds "11"]
[EventType "swiss"]
[EventDate "2004.05.29"]

1. e4 c5 2. Nc3 Nc6 3. g3 Nf6 4. Bg2 g6 5. d3 Bg7 6. Be3 d6 7. Qd2 O-O 8. Bh6
Be6 9. h4 d5 10. exd5 Nxd5 11. Bxg7 Kxg7 12. h5 Nf6 13. hxg6 fxg6 14. Bxc6 bxc6
15. O-O-O Qa5 16. a3 Rh8 17. Nf3 Bg4 18. Qh6+ Kg8 19. Ng5 Bxd1 20. Ne6 Kf7 21.
Re1 Ke8 22. Kxd1 Kd7 23. d4 cxd4 24. Nxd4 Qh5+ 25. Qxh5 Nxh5 26. Re6 Rac8 27.
Na4 Rhe8 28. Ke1 c5 0-1

[Event "DEM U10/U10w 2004"]
[Site "Willingen GER"]
[Date "2004.06.03"]
[Round "8"]
[White "Voggenreiter, Sara"]
[Black "Lebek, Ricarda"]
[Result "0-1"]
[Termination "normal"]
[Board "33"]
[WhiteElo "1150"]
[BlackElo "914"]
[PlyCount "82"]
[WhiteFideId "24615358"]
[BlackFideId "4624688"]
[EventCountry "GER"]
[EventRounds "11"]
[EventType "swiss"]
[EventDate "2004.05.29"]

1. e4 e6 2. Nf3 d5 3. e5 c5 4. Nc3 Nc6 5. Be2 Be7 6. O-O Bd7 7. d3 f6 8. exf6
Nxf6 9. d4 Qb6 10. dxc5 Bxc5 11. Bd2 O-O 12. Rb1 Ng4 13. Be1 Rae8 14. h3 Nf6
15. Qd3 a6 16. a3 Bd4 17. Nxd4 Qxd4 18. Qxd4 Nxd4 19. Rc1 Nxe2+ 20. Nxe2 Bb5
21. c4 Bxc4 22. Rc2 Ne4 23. b4 Nd6 24. Bc3 Ne4 25. Re1 Rxf2 26. Rcc1 Rxe2 27.
Rxe2 Bxe2 28. Bb2 Rf8 29. Be5 Bc4 30. h4 Rf2 31. Bd4 Ra2 32. Ra1 Rd2 33. Be5 d4
34. Rc1 b5 35. a4 d3 36. a5 Rc2 37. Rf1 d2 38. Kh2 Bxf1 39. g4 d1=Q+ 40. Kg1
Qxg4+ 41. Kxf1 Qd1# 0-1

[Event "DEM U10/U10w 2004"]
[Site "Willingen GER"]
[Date "2004.06.03"]
[Round "8"]
[White "Prymak, Anna"]
[Black "Blankenstein, Julius"]
[Result "0-1"]
[Termination "normal"]
[Board "40"]
[WhiteElo "774"]
[BlackElo "786"]
[PlyCount "70"]
[EventCountry "GER"]
[EventRounds "11"]
[EventType "swiss"]
[EventDate "2004.05.29"]

1. e4 c5 2. Nf3 e6 3. d4 cxd4 4. Nxd4 a6 5. Nc3 b5 6. a3 Bb7 7. Be3 Qc7 8. Bd3
Nf6 9. f3 d6 10. O-O Nbd7 11. Qe1 Be7 12. Rd1 O-O 13. Qh4 Rae8 14. Bg5 Qb6 15.
e5 Nxe5 16. Qh3 Qxd4+ 17. Kh1 h6 18. Bh7+ Nxh7 19. Rxd4 Nxg5 20. Qh5 Nd7 21.
Rg4 Nf6 22. Qh4 Nxg4 23. Qxg4 Rd8 24. f4 Nh7 25. Ne2 Bc8 26. Qg3 Nf6 27. Qe3
Rd7 28. Rf3 Bb7 29. Rg3 Rc8 30. f5 exf5 31. Qxh6 Kf8 32. Rxg7 Ke8 33. Qh8+ Bf8
34. Ng3 Rxc2 35. Nh5 Rc1# 0-1

[Event "DEM U10/U10w 2004"]
[Site "Willingen GER"]
[Date "2004.06.03"]
[Round "8"]
[White "Priese, Franziska"]
[Black "Falke, Johannes"]
[Result "0-1"]
[Termination "normal"]
[Board "41"]
[WhiteElo "711"]
[BlackElo "761"]
[PlyCount "88"]
[EventCountry "GER"]
[EventRounds "11"]
[EventType "swiss"]
[EventDate "2004.05.29"]

1. e4 e5 2. Nf3 Nc6 3. d4 d6 4. Bc4 f5 5. Bg5 Be7 6. Bxe7 Qxe7 7. Nc3 f4 8. Nd5
Qd7 9. O-O Nf6 10. Nxf6+ gxf6 11. Nh4 Qg7 12. Qh5+ Kd8 13. Nf5 Bxf5 14. Qxf5
Nxd4 15. Qh3 Nxc2 16. Rac1 Nd4 17. Qc3 b5 18. Bd5 Ne2+ 19. Kh1 Nxc3 20. Rxc3
Rc8 21. Be6 Rb8 22. Rb3 a6 23. Rc1 c5 24. Ra3 Ra8 25. Bd5 Ra7 26. Be6 a5 27.
Rd3 Qe7 28. Bd5 c4 29. Rd2 a4 30. b4 Qc7 31. a3 c3 32. Rdc2 Qg7 33. Rxc3 h5 34.
Rc8+ Ke7 35. R8c3 Rh6 36. Bc6 Kd8 37. Kg1 Qg6 38. Bxb5 h4 39. Rc8+ Ke7 40. Kf1
h3 41. gxh3 Rxh3 42. f3 Rxh2 43. Be2 Qg2+ 44. Ke1 Qxe2# 0-1

[Event "DEM U10/U10w 2004"]
[Site "Willingen GER"]
[Date "2004.06.04"]
[Round "9"]
[White "Osmanodja, Bilgin"]
[Black "Kaphle, Sebastian"]
[Result "1-0"]
[Termination "normal"]
[Board "1"]
[WhiteElo "1388"]
[BlackElo "1454"]
[PlyCount "65"]
[BlackFideId "24626708"]
[EventCountry "GER"]
[EventRounds "11"]
[EventType "swiss"]
[EventDate "2004.05.29"]

1. e4 e5 2. Nf3 Nc6 3. Bb5 a6 4. Ba4 Nf6 5. O-O Bc5 6. c3 b5 7. Bb3 d5 8. exd5
Nxd5 9. Re1 O-O 10. Nxe5 Nxe5 11. Rxe5 c6 12. d4 Bb6 13. Nd2 Bc7 14. Re1 Qd6
15. g3 Qh6 16. Ne4 Qg6 17. Bc2 Bf5 18. f3 f6 19. Kh1 Qh5 20. Rg1 Rae8 21. Rg2
Bh3 22. Rf2 f5 23. Nc5 Ne3 24. Bxe3 Rxe3 25. Bb3+ Kh8 26. Ne6 Bxg3 27. hxg3
Bg4+ 28. Kg2 Qh3+ 29. Kg1 Qxg3+ 30. Rg2 Rxf3 31. Rxg3 Rxg3+ 32. Kf2 Bxd1 33.
Rxd1 1-0

[Event "DEM U10/U10w 2004"]
[Site "Willingen GER"]
[Date "2004.06.04"]
[Round "9"]
[White "Wittke, Rene"]
[Black "Boos, Philipp"]
[Result "0-1"]
[Termination "normal"]
[Board "2"]
[WhiteElo "1523"]
[BlackElo "1442"]
[PlyCount "110"]
[WhiteFideId "24640255"]
[EventCountry "GER"]
[EventRounds "11"]
[EventType "swiss"]
[EventDate "2004.05.29"]

1. e4 d5 2. exd5 Qxd5 3. Nc3 Qa5 4. d4 c6 5. Bd2 Bf5 6. Nf3 e6 7. Be2 Qc7 8.
O-O Nf6 9. Re1 Bd6 10. Bf1 O-O 11. g3 Nbd7 12. Bg2 h6 13. Be3 Nd5 14. Nxd5 cxd5
15. c3 Nb6 16. Nh4 Bh7 17. Qh5 Kh8 18. Bh3 Nd7 19. Qe2 Nb6 20. Kh1 Nc4 21. Bxh6
gxh6 22. Qh5 Rg8 23. Qxh6 Rg7 24. Rg1 Rag8 25. Rg2 Be7 26. Rag1 Qd8 27. Nf3 Bg5
28. Qh5 Qf6 29. Nxg5 Qxg5 30. Qxg5 Rxg5 31. g4 Be4 32. f4 Bxg2+ 33. Rxg2 R5g7
34. b3 Ne3 35. Rg3 Nxg4 36. Bxg4 Rxg4 37. Rh3+ Kg7 38. Rf3 Kf8 39. Rf1 Rg2 40.
a4 Rc2 41. c4 dxc4 42. bxc4 Rxc4 43. f5 exf5 44. d5 Rd4 45. a5 Rxd5 46. a6 bxa6
47. h4 Rd4 48. Rf2 Rxh4+ 49. Rh2 Rxh2+ 50. Kxh2 a5 51. Kh3 a4 52. Kh4 a3 53.
Kh3 a2 54. Kh2 a1=R 55. Kh3 Rh1# 0-1

[Event "DEM U10/U10w 2004"]
[Site "Willingen GER"]
[Date "2004.06.04"]
[Round "9"]
[White "Noe, Christopher"]
[Black "Wang, Zhangxian"]
[Result "1/2-1/2"]
[Termination "normal"]
[Board "3"]
[WhiteElo "1552"]
[BlackElo "1598"]
[PlyCount "51"]
[WhiteFideId "24692018"]
[EventCountry "GER"]
[EventRounds "11"]
[EventType "swiss"]
[EventDate "2004.05.29"]

1. d4 c6 2. e4 d5 3. e5 Bf5 4. Nf3 e6 5. Be2 Nd7 6. O-O Ne7 7. Bf4 c5 8. c3 Nc6
9. Re1 Qb6 10. Qd2 cxd4 11. cxd4 Be7 12. Nc3 O-O 13. a3 Na5 14. Rad1 Nb3 15.
Qe3 Bc2 16. Bd3 Bxd1 17. Rxd1 Na5 18. Ng5 g6 19. Qh3 h5 20. g4 Bxg5 21. Bxg5
Qxd4 22. gxh5 Qxe5 23. f4 Qh8 24. h6 Kh7 25. Re1 Nc5 26. Bc2 1/2-1/2